Transfery Jagiellonii w letnim okienku transferowym 2021/22. - Statystyki

Ogólne statystyki
  • Ten quiz został rozwiązany 32 razy
  • Średni wynik to 6 z 9
Statystyki odpowiedzi
Cena Pozycja Narodowość Poprzedni Klub Piłkarz % Poprawnych
Za darmo Środkowy obrońca Polska Ankaragucu Pazdan
100%
Za darmo Środkowy obrońca Hiszpania Śląsk Wrocław Puerto
97%
Za darmo Środkowy napastnik Polska Legionovia Legionowo Trubeha
88%
Za darmo Ofensywny pomocnik Hiszpania Wolny Zawodnik Quintana
75%
Za darmo Środkowy napastnik Polska Piast Gliwice Żyro
72%
33 tys Prawy obrońca Polska Odra Opole Tabis
59%
? Bramkarz Polska Polonia Warszawa Abramowicz
56%
20 tys Prawy napastnik Polska Odra Opole Surzyn
44%
? Środkowy napastnik Polska Pogoń Szczecin U19 Samborski
28%
Nie znaleziono quizów pasujących do podanych kryteriów
Rozkład punktacji
Procent ludzi z każdym wynikiem
Percentyl według liczby udzielonych odpowiedzi
Twoja historia wyników
Nie rozwiązałeś tego quizu